Horror Movies by Quotes Quiz Stats

 Plays Quiz not verified by Sporcle

Challenge
Share
Tweet
Embed
Score 0/13 Timer 10:00
0 Plays Today
Quote Movie % Correct
'They're here.'Poltergeist
80.2%
'A boy's best friend is his mother.' Psycho
75.6%
'Have you checked the children?'When a Stranger Calls
61.7%
'It's just a puzzle box!'Hellraiser
56.3%
'She wanted me to tell you she saw you dance. She said, when you were little, you and her had a fight, right before your dance recital. You thought she didn't come see you dance. SThe Sixth Sense
42%
'I waited too long with Gage, but with Rachel! It will work this time, because she just died, SHE JUST DIED A LITTLE WHILE AGO!'Pet Sematary
37.2%
'Well, sure, but... houses don't have memories.'Amityville Horror
31.8%
'Good. I want you to like it here. I wish we could stay here forever... and ever... and ever.'The Shining
29.2%
'This is no dream! This is really happening!'Rosemary's Baby
24.3%
'I keep seeing these people, all recognizing each other. Something is passing between them all, some secret. It's a conspiracy, I know it.'Invasion of the Body Snatchers
21.1%
'And I will get him back even as he gloats in the mean time I'll practice on less honorable throats, and my Lucy lies in ashes and I'll never see my girl again!'Sweeney Todd: The Demon Barber of Fleet Street
20.6%
'And you call me insane. You are privy to a great becoming, but you recognize nothing. To me, you are a slug in the sun. You are an ant in the afterbirth. It is your nature to do oRed Dragon
10.6%
'We should have a plan. Angela Lansbury always had a plan.'I Know What You Did Last Summer
7.4%

You're not logged in!

Compare scores with friends on all Sporcle quizzes.
OR
Log In

You Might Also Like...

Show Comments

Extras

Top Quizzes Today


Score Distribution

Your Account Isn't Verified!

In order to create a playlist on Sporcle, you need to verify the email address you used during registration. Go to your Sporcle Settings to finish the process.

Report this User

Report this user for behavior that violates our Community Guidelines.

Details: